000 nam a22 7a 4500
999 _c27399
_d27398
003 OSt
005 20170518104547.0
008 170508b xxu||||| |||| 00| 0 eng d
020 _a9780415449489
040 _ammu
_beng
_cmmu
_dmmu
050 _aBL48
_b.N94 2008
100 _aNye Malory
245 _aReligion
_bThe basics
_cMalory Nye
250 _a2nd ed.
260 _aLondon
_bRoutledge
_c2008
300 _aviii,232p.;
500 _aIncludes index
650 _aReligion and contemporary culture
942 _2lcc
_cLOAN LOAN